000 00296nam a22001337a 4500
008 170927b xxu||||| |||| 00| 0 eng d
020 _a2900131584166
041 _aeng
080 _25 ED
_a37
100 _a46
101 _aEDU
245 _aTEACHING WRITING
_cTAMPKINS.G.T
942 _2udc
_cBK
999 _c30121
_d30121